| 000 | 00542nam a2200145Ia 4500 | ||
|---|---|---|---|
| 008 | 090122s9999 xx 000 0 und d | ||
| 082 |
_b9174 _a678.3 |
||
| 100 |
_aकेळकर _bगो _cरा |
||
| 245 | _aरबर (नैसर्गिक व संश्र्लोषित) | ||
| 600 | _aकेळकर | ||
| 630 | _aरबर (नैसर्गिक व संश्र्लोषित) | ||
| 700 | _aकेळकर | ||
| 730 | _aरबर (नैसर्गिक व संश्र्लोषित) | ||
| 942 | _cBOOK | ||
| 999 |
_c33251 _d33251 |
||